000 00515nam a2200181Ia 4500
008 240925s9999 xx 000 0 und d
020 _a9781292103433
082 _a005.133 SCH
100 _aSchneider, David I.
245 3 _aAn introduction to programming using Python
250 _aNA
260 _aNew Delhi:
_bPearson Education
_c,2016.
300 _a544p.
_b0
_fOriginal
500 _aIncludes Index
600 _aComputer Science
650 _aComputer science, information & general works
942 _cBK
999 _c17978
_d17978